<?xml version="1.0" encoding="UTF-8"?>
<record
    xmlns:xsi="http://www.w3.org/2001/XMLSchema-instance"
    xsi:schemaLocation="http://www.loc.gov/MARC21/slim http://www.loc.gov/standards/marcxml/schema/MARC21slim.xsd"
    xmlns="http://www.loc.gov/MARC21/slim">

  <leader>00792nac a22001691u 4500</leader>
  <controlfield tag="008">101027s1948    xxu||||| |||| 00| 0 ara d</controlfield>
  <datafield tag="082" ind1=" " ind2=" ">
    <subfield code="a">245</subfield>
    <subfield code="b">&#x63A; &#x631; &#x627;</subfield>
  </datafield>
  <datafield tag="100" ind1="1" ind2=" ">
    <subfield code="a">&#x627;&#x644;&#x63A;&#x631;&#x627;&#x628;&#x649; &#x60C; &#x639;&#x644;&#x649; &#x645;&#x635;&#x637;&#x641;&#x649;</subfield>
    <subfield code="9">20689</subfield>
  </datafield>
  <datafield tag="245" ind1=" " ind2=" ">
    <subfield code="a">&#x62A;&#x627;&#x631;&#x64A;&#x62E; &#x627;&#x644;&#x641;&#x631;&#x642; &#x627;&#x644;&#x623;&#x633;&#x644;&#x627;&#x645;&#x64A;&#x629; :</subfield>
    <subfield code="b">&#x648;&#x646;&#x634;&#x623;&#x629; &#x639;&#x644;&#x645; &#x627;&#x644;&#x643;&#x644;&#x627;&#x645; &#x639;&#x646;&#x62F; &#x627;&#x644;&#x645;&#x633;&#x644;&#x645;&#x64A;&#x646; /</subfield>
    <subfield code="c">&#x639;&#x644;&#x649; &#x645;&#x635;&#x637;&#x641;&#x649; &#x627;&#x644;&#x63A;&#x631;&#x627;&#x628;&#x649;</subfield>
  </datafield>
  <datafield tag="260" ind1=" " ind2=" ">
    <subfield code="a">&#x627;&#x644;&#x642;&#x627;&#x647;&#x631;&#x629; :</subfield>
    <subfield code="b">&#x645;&#x643;&#x62A;&#x628;&#x629; &#x627;&#x644;&#x62D;&#x633;&#x64A;&#x646;&#x64A;&#x647; &#x60C;1948</subfield>
    <subfield code="c">1948.</subfield>
  </datafield>
  <datafield tag="300" ind1=" " ind2=" ">
    <subfield code="a">327 &#x635; &#x61B;</subfield>
    <subfield code="c">24 &#x633;&#x645;.</subfield>
  </datafield>
  <datafield tag="511" ind1=" " ind2=" ">
    <subfield code="a">Catalogued by: Sara</subfield>
  </datafield>
  <datafield tag="650" ind1=" " ind2=" ">
    <subfield code="a">&#x627;&#x644;&#x641;&#x631;&#x642; &#x627;&#x644;&#x625;&#x633;&#x644;&#x627;&#x645;&#x64A;&#x629;</subfield>
    <subfield code="9">13294</subfield>
  </datafield>
  <datafield tag="650" ind1=" " ind2=" ">
    <subfield code="a">&#x639;&#x644;&#x645; &#x627;&#x644;&#x643;&#x644;&#x627;&#x645;</subfield>
    <subfield code="9">16065</subfield>
  </datafield>
  <datafield tag="942" ind1=" " ind2=" ">
    <subfield code="c">BB</subfield>
    <subfield code="k">245 &#x63A; &#x631; &#x627;</subfield>
    <subfield code="2">ddc</subfield>
  </datafield>
  <datafield tag="999" ind1=" " ind2=" ">
    <subfield code="c">7471</subfield>
    <subfield code="d">7471</subfield>
  </datafield>
  <datafield tag="952" ind1=" " ind2=" ">
    <subfield code="0">0</subfield>
    <subfield code="1">0</subfield>
    <subfield code="2">ddc</subfield>
    <subfield code="4">0</subfield>
    <subfield code="7">0</subfield>
    <subfield code="8">Alef-Baa</subfield>
    <subfield code="a">MAIN</subfield>
    <subfield code="b">MAIN</subfield>
    <subfield code="c">LOW</subfield>
    <subfield code="d">2008-01-24</subfield>
    <subfield code="e">purchase</subfield>
    <subfield code="o">245 &#x63A; &#x631; &#x627;</subfield>
    <subfield code="p">000008900</subfield>
    <subfield code="r">2025-07-15 00:00:00</subfield>
    <subfield code="y">BB</subfield>
  </datafield>
</record>
